000 00675nam a22002057a 4500
003 OSt
005 20190620085211.0
008 130830t xxu||||| |||| 00| 0 eng d
050 _aRC 954
_b.W39 1978
082 _aHS 610.73
_bW431 1978
100 _aWeiner, Marcella B.
_915627
245 _aWorking with the aged :
_bpractical approaches in the institution and community /
_cMarcella Baker Weiner
260 _aNew Jersey :
_bPrentice- Hall,
_cc1978.
300 _a231 p. :
_c24 cm.
500 _aIncludes bibliographical references and index.
650 _aGeriatric nursing.
_915628
650 _aAged
_xRehabilitation.
_915629
942 _2lcc
_cBK
999 _c9964
_d9964